| 000 | 00881nam a22002057a 4500 | ||
|---|---|---|---|
| 999 |
_c16486 _d16486 |
||
| 003 | AR-CdUCM | ||
| 008 | 190503b ||||| |||| 00| 0 spa d | ||
| 040 |
_aMUNICIPALIDAD PROVINCIAL DEL CUSCO _cBIBLIOTECA MUNICIPAL DEL CUSCO |
||
| 082 |
_a974.08 / _bG66 |
||
| 100 |
_aGonzáles Ramirez, Manuel _928198 |
||
| 245 | _aLa huelga de cananea / | ||
| 260 |
_aMéxico : _bFondo de cultura economica, _c1956. |
||
| 300 |
_a154 paginas ; _bIlustraciones, _c29 cm. |
||
| 505 | _aContenido : La oposición liberal -- Correspondencia entre autoridades y particulares de sonora -- Correspondencia entre funcionarios de sonora y Ramos coral -- Lo publicado en los periódicos -- Periódicos -- Norteamericanos -- Periódicos Mexicanos... | ||
| 650 |
_aMexico _918 |
||
| 650 |
_aEstado Unidos _935955 |
||
| 650 |
_aLeyes Mexicanas _935956 |
||
| 942 |
_2ddc _cLIBROS |
||
| 945 |
_awnts _d2019-05-3 |
||